| 000 | 00519nmm a2200205 a 4500 | ||
|---|---|---|---|
| 003 | AR-X00000XY | ||
| 005 | 20251128212013.0 | ||
| 008 | 117020s1934 ||||||||||||||000 | spa|| | ||
| 040 | _cAR-X00000XY | ||
| 700 | 1 | _aVillon, François | |
| 100 | 1 | _aMarot, Clément | |
| 245 | 1 | 0 | _aPoésies choisies |
| 260 |
_aParis _bLibrairie Larousse _c1934 |
||
| 300 | 0 | _a96 p. | |
| 655 | _aLITERATURA | ||
| 700 | 1 |
_aCart, Adrien _epresentación |
|
| 700 | 1 |
_aDuchemin, Mlle. _epresentación |
|
| 942 | _cBK | ||
| 998 | _cmartin | ||
| 999 |
_c22025 _d22025 |
||